| 000 | 01502nam a22002297a 4500 | ||
|---|---|---|---|
| 999 |
_c56931 _d56931 |
||
| 003 | Ge_BSU | ||
| 005 | 20190626142330.0 | ||
| 008 | 190626b1944 ge ||||| |||| 00| 0 geo d | ||
| 041 | _ageo | ||
| 080 | _a7(479.22)(09) ა-58 | ||
| 100 |
_aამირანაშვილი, შალვა. _92948 |
||
| 245 |
_aქართული ხელოვნების ისტორია. ტ. 1 : / _cშალვა ამირანაშვილი ; რედ: გერონტი ქიქოძე. |
||
| 264 |
_aთბილისი : _bსაქ. მეცნ. აკად. გამ-ბა, _c1944. |
||
| 300 |
_a[1], 201 გვ. : _b116 გვ. სურ. ; _c32 სმ. |
||
| 504 | _aბიბლიოგრაფია: ლიტერატურა, გვ. 12-21. ბიბლიოგრაფია: ლიტერატურა შენიშვნებში. | ||
| 546 | _aგაშლილ თავფურცელზე სათაური რუსულ ენაზე. | ||
| 653 | _aქართული ხელოვნების ისტორია | ||
| 700 |
_aქიქოძე, გერონტი _eრედაქტორი _92949 |
||
| 710 |
_aსაქართველოს სსრ მეცნიერებათა აკადემია. _92950 |
||
| 710 |
_aმეტეხი- კულტურის ისტორია და ხელოვნების მუზეუმი _92951 |
||
| 942 |
_2udc _cBK |
||